Normal view
MARC view
Entry Término temático
001 - NÚMERO DE CONTROL
- campo de control: 138913
003 - IDENTIFICADOR DEL NÚMERO DE CONTROL
- campo de control: OSt
005 - FECHA Y HORA DE LA ÚLTIMA TRANSACCIÓN
- campo de control: 20220127155905.0
008 - DATOS DE LONGITUD FIJA
- campo de control de longitud fija: 220127|| aca||aabn | a|a d
040 ## - FUENTE DE LA CATALOGACIÓN
- Centro catalogador/agencia de origen: OSt
- Centro/agencia transcriptor: OSt
150 ## - ENCABEZAMIENTO--TÉRMINO DE MATERIA
- Término de materia o nombre geográfico como elemento de entrada: Agricultura
- Subdivisión general: Regiones áridas I. UACH. Departamento de Zonas Aridas II. Martínez Rodríguez, Oscar A. III. Tovar Luna, Ignacio
670 ## - FUENTE DE DATOS ENCONTRADOS
- Cita de la fuente: Work cat.: (OSt)164850: Simposium Internacional de las Zonas Aridas (1999 : Bermejillo, Dgo.) 138912, Memorias /, 1999
